| 000 | 00641nam a2200181Ia 4500 | ||
|---|---|---|---|
| 008 | 090630s9999 xx 000 0 und d | ||
| 082 | _b2228 | ||
| 100 | _aबागल माधव. | ||
| 245 |
_aबहुजन समाजाचे शिल्पकार. _cबागल माधव. |
||
| 260 |
_bठोकळ. _c1966 |
||
| 300 | _a203 | ||
| 600 | _aबागल माधव. | ||
| 630 | _aबहुजन समाजाचे शिल्पकार. | ||
| 655 | _aचरित्र. | ||
| 700 | _aबागल माधव. | ||
| 730 | _aबहुजन समाजाचे शिल्पकार. | ||
| 942 | _cBOOK | ||
| 999 |
_c254084 _d254084 |
||